Philippine Multigrade Schools Monitoring and Evaluation Systems (PMS MES) handbook (Record no. 4580)

MARC details
000 -LEADER
fixed length control field 01062nam a2200217 4500
003 - CONTROL NUMBER IDENTIFIER
control field OSt
005 - DATE AND TIME OF LATEST TRANSACTION
control field 20240702134151.0
008 - FIXED-LENGTH DATA ELEMENTS--GENERAL INFORMATION
fixed length control field 240702b |||||||| |||| 00| 0 eng d
040 ## - CATALOGING SOURCE
Transcribing agency DepED Dasmarinas City
082 ## - DEWEY DECIMAL CLASSIFICATION NUMBER
Classification number F 371.33 D4411p 2020
110 ## - CORPORATE BODY -- PRIMARY AUTHOR
Main entry -- Corporate Body -- (primary author) Philippines Department of Education
245 ## - TITLE STATEMENT
Title Philippine Multigrade Schools Monitoring and Evaluation Systems (PMS MES) handbook
264 ## - PRODUCTION, PUBLICATION, DISTRIBUTION, MANUFACTURE, AND COPYRIGHT NOTICE
Place of production, publication, distribution, manufacture Pasig City, Philippines : Department of Education ; Mandaluyong City, Philippines : United Nations Children's Fund, Philippines Country Office ; Diliman, Quezon City, Philippines : Southeast Asian Ministers of Education Organization Regional Center for Educational Innovation and Technology, 2020.
300 ## - PHYSICAL DESCRIPTION
Extent 259 pages ; 31 cm
504 ## - BIBLIOGRAPHY, ETC. NOTE
Bibliography, etc. note Includes bibliographical references (pages 140-141).<br/>In English.
650 ## - SUBJECT ADDED ENTRY--TOPICAL TERM
General subdivision Combination of grades Philippines Handbooks, manuals, etc
650 ## - SUBJECT ADDED ENTRY--TOPICAL TERM
Form subdivision Schools Philippines Handbooks, manuals, etc
710 ## - ADDED ENTRY--CORPORATE NAME
Corporate name or jurisdiction name as entry element UNICEF Manila
710 ## - ADDED ENTRY--CORPORATE NAME
Corporate name or jurisdiction name as entry element SEAMEO Regional Center for Educational Innovation and Technology
942 ## - ADDED ENTRY ELEMENTS (KOHA)
Source of classification or shelving scheme Dewey Decimal Classification
Suppress in OPAC 0
Koha item type Books
999 ## -
-- 4580
-- 4580
Holdings
Homebranch current branch Barcode
DepED Dasmarinas City DepED Dasmarinas City DSMSOC_00034
DepED Dasmarinas City DepED Dasmarinas City DSMSOC_00035
DepED Dasmarinas City DepED Dasmarinas City DSMSOC_00036
DepED Dasmarinas City DepED Dasmarinas City DSMSOC_00037